000 00821cab a2200253 4500
001 ABS57064
008 090401t1997 xxu||||| |||| 00| 0 eng d
035 _a(Sirsi) u79282
041 _aeng
100 _aBrewer, G.
245 2 _aA tussle over responsibility
260 _c1997
350 _a0
490 _aContract Journal
_v389(6131) 25 June 1997, 14(1)
520 _aConsiders the case "Cliff Holdings v Parkman Buck" which examined the duties of consultants under the ACE conditions of engagement in relation to a design and build contract.
650 _aACE CONDITIONS OF ENGAGEMENT
650 _aCONSULTANTS
650 _aDESIGN AND BUILD CONTRACT
650 _aLIABILITY
650 _aSUBCONTRACTORS
690 _aBUILT ENVIRONMENT-BUILDING CONTRACT FORMS
942 _n0
948 _c27/06/1997
999 _c49844
_d49844